Oraison funébre de N.T.S.P. le Pape Pie VI prononcèe en latin dans l'Eglise patriarcale de Venise en présence du Sacre College des Cardinaux le 30 octobre 1799 / par Mgr. Brancadoro ; traduite en françois avec des notes historiques par M. l´abbé d'Hesmiuy d' Auribeau

Detalles Bibliográficos
Autor principal: Brancadoro, Cesare
Formato: Libro
Lenguaje:Undetermined
French
Publicado: a Venise : de l´imprimerie d' Antoine Curti, 1800.
Materias:
Colección:Banco de datos
Acervo:Biblioteca Palafoxiana. Colección bibliográfica
Descripción Física:141 p. ; 4°
Tema general:Pontífices
Notas:Número de localización: 22247-C
LEADER 00794nam a2200181Ia 4500
008 150723s9999 xx 000 0 und d
041 0 |a fre 
050 0 |a PAFX BX2030 M4 
100 1 |a Brancadoro, Cesare 
245 1 0 |a Oraison funébre de N.T.S.P. le Pape Pie VI prononcèe en latin dans l'Eglise patriarcale de Venise en présence du Sacre College des Cardinaux le 30 octobre 1799 / par Mgr. Brancadoro ; traduite en françois avec des notes historiques par M. l´abbé d'Hesmiuy d' Auribeau 
260 |a a Venise : de l´imprimerie d' Antoine Curti, 1800. 
300 |a 141 p. ; 4° 
500 |a Número de localización: 22247-C 
501 |a Encuadernado con 2 obras 
650 1 0 |a Pontífices 
942 |c PALALIB 
943 |g Biblioteca Palafoxiana. Colección bibliográfica 
999 |c 1057596  |d 1057596